LEADER 03103nam 22006135 450 001 9910483395903321 005 20200711000328.0 010 $a3-658-15071-8 024 7 $a10.1007/978-3-658-15071-6 035 $a(CKB)3710000000926246 035 $a(DE-He213)978-3-658-15071-6 035 $a(PPN)196322189 035 $a(EXLCZ)993710000000926246 100 $a20161028d2016 u| 0 101 0 $ager 135 $aurnn|008mamaa 181 $ctxt$2rdacontent 182 $cc$2rdamedia 183 $acr$2rdacarrier 200 10$aEinführung in die Strukturdynamik $eModelle und Anwendungen /$fvon Dieter Dinkler 205 $a1st ed. 2016. 210 1$aWiesbaden :$cSpringer Fachmedien Wiesbaden :$cImprint: Springer Vieweg,$d2016. 215 $a1 online resource (X, 353 S. 145 Abb.) 311 $a3-658-15070-X 327 $aEinfreiheitsgradsysteme -- Mehrfreiheitsgradsysteme -- Gedämpfte Systeme.- Anwendungen -- Numerische Verfahren. . 330 $aDieses Lehrbuch gibt eine Einführung in die Strukturdynamik und umfasst die Grundlagen der Modellbildung sowie die grundlegenden Beschreibungsmöglichkeiten und Lösungswege für die Untersuchung des Schwingungsverhaltens von Starrkörpersystemen und Stabtragwerken. Ergänzt werden die Grundlagen durch Modelle für verschiedene baupraktische Anwendungen aus dem Bereich der Aeroelastizität, der Seilnetze, der Eisenbahnbrücken und der Rotordynamik. Der Abschluss bildet eine Einführung in die numerische Integration von Bewegungsgleichungen. Der Inhalt Einfreiheitsgradsysteme.- Mehrfreiheitsgradsysteme.- Gedämpfte Systeme.- Anwendungen.- Numerische Verfahren.  Studierende des Bauingenieurwesens, Studierende der Ingenieurstudiengänge Der Autor Prof. Dr.-Ing. Dieter Dinkler leitet das Institut für Statik an der Technischen Universität Braunschweig. 606 $aConstruction 606 $aCivil engineering 606 $aMechanics 606 $aMechanics, Applied 606 $aVibration 606 $aDynamics 606 $aDynamics 606 $aBasics of Construction$3https://scigraph.springernature.com/ontologies/product-market-codes/K1700X 606 $aCivil Engineering$3https://scigraph.springernature.com/ontologies/product-market-codes/T23004 606 $aSolid Mechanics$3https://scigraph.springernature.com/ontologies/product-market-codes/T15010 606 $aVibration, Dynamical Systems, Control$3https://scigraph.springernature.com/ontologies/product-market-codes/T15036 615 0$aConstruction. 615 0$aCivil engineering. 615 0$aMechanics. 615 0$aMechanics, Applied. 615 0$aVibration. 615 0$aDynamics. 615 0$aDynamics. 615 14$aBasics of Construction. 615 24$aCivil Engineering. 615 24$aSolid Mechanics. 615 24$aVibration, Dynamical Systems, Control. 676 $a720 700 $aDinkler$b Dieter$4aut$4http://id.loc.gov/vocabulary/relators/aut$01225166 906 $aBOOK 912 $a9910483395903321 996 $aEinführung in die Strukturdynamik$92845948 997 $aUNINA